| 000 | 00467nam 22001693 4500 | ||
|---|---|---|---|
| 001 | 199173 | ||
| 090 | _a199173 | ||
| 100 | _a20251120d u||y0pory50 ba | ||
| 200 |
_aNações Unidas _edevoção, mito e verdade _fAndrew Boyd |
||
| 210 |
_aLisboa _cEditora Ulisseia _d[19--?] |
||
| 215 |
_a214 p. _cbrochado _d19 cm |
||
| 606 |
_91246 _aPolítica |
||
| 675 |
_a32 _vPT _zpor |
||
| 700 |
_915072 _aBoyd _bAndrew |
||
| 801 |
_aPT _bBMMN _gRPC |
||
| 830 |
_cFernando _fFernando |
||
| 990 | _cLIVROS | ||